Library Banner

Jinnah and Gandhi : (Record no. 140660)

MARC details
000 -LEADER
fixed length control field 00634nam a22002177a 4500
005 - DATE AND TIME OF LATEST TRANSACTION
control field 20260428163623.0
008 - FIXED-LENGTH DATA ELEMENTS--GENERAL INFORMATION
fixed length control field 260428s2025 |||||||| |||| 001 0 eng d
020 ## - INTERNATIONAL STANDARD BOOK NUMBER
International Standard Book Number 9789697280070
040 ## - CATALOGING SOURCE
Transcribing agency PK-LaUMT
082 ## - DEWEY DECIMAL CLASSIFICATION NUMBER
Classification number 954.0350922
Item number MAJ-J
100 1# - MAIN ENTRY--PERSONAL NAME
Personal name Majumdar, S. K.
245 10 - TITLE STATEMENT
Title Jinnah and Gandhi :
Remainder of title their role in India's quest for freedom /
Statement of responsibility, etc S. K. Majumdar
260 ## - PUBLICATION, DISTRIBUTION, ETC. (IMPRINT)
Place of publication, distribution, etc Lahore :
Name of publisher, distributor, etc Peace Publications,
Date of publication, distribution, etc 2025
300 ## - PHYSICAL DESCRIPTION
Extent xxiii, 302 p.
500 ## - GENERAL NOTE
General note Index present
546 ## - LANGUAGE NOTE
Language note Eng
650 ## - SUBJECT ADDED ENTRY--TOPICAL TERM
Topical term or geographic name as entry element Jinnah 187-1948
650 ## - SUBJECT ADDED ENTRY--TOPICAL TERM
Topical term or geographic name as entry element Gandhi-1869-1948
650 ## - SUBJECT ADDED ENTRY--TOPICAL TERM
Topical term or geographic name as entry element Nationalism-India
942 ## - ADDED ENTRY ELEMENTS (KOHA)
Koha item type Books
Holdings
Withdrawn status Lost status Damaged status Home library Current library Date acquired Full call number Barcode Date last seen Price effective from Koha item type
      UMT Main Campus UMT Main Campus 2026-04-28 954.0350922 MAJ-J 152389 2026-04-28 2026-04-28 Books